书目信息 |
| 题名: |
国产J2级光学经纬仪的检修
|
|
| 作者: | 赵茂哲 , 傅博 著 | |
| 分册: | ||
| 出版信息: | 北京 测绘出版社 1984 |
|
| 页数: | 202页 | |
| 开本: | 21cm | |
| 丛书名: | 测量仪器检修小丛书 | |
| 单 册: | ||
| 中图分类: | P213 | |
| 科图分类: | ||
| 主题词: | 光学经纬仪,J2级--检修 , 普通测量学 , 地形测量学 | |
| 电子资源: | ||
| ISBN: | ||
| 000 | 00829nam2 2200301 45 | |
| 001 | 0184016129 | |
| 005 | 20040520150311.5 | |
| 010 | @dCNY1.30 | |
| 091 | @a15039.新338 | |
| 100 | @a19950624d1984 em y0chiy0121 ea | |
| 101 | 0 | @achi |
| 102 | @aCN@b110000 | |
| 105 | @ay z 000yy | |
| 106 | @ar | |
| 200 | 10 | @a国产J2级光学经纬仪的检修@Aguo chanJ2 ji guang xue jing wei yi de jian xiu@f赵茂哲, 傅博著 |
| 210 | @a北京@c测绘出版社@d1984 | |
| 215 | @a202页@d21cm | |
| 225 | 2 | @a测量仪器检修小丛书 |
| 410 | 0 | @120010@a测量仪器检修小丛书 |
| 606 | @a光学经纬仪,J2级@x检修 | |
| 606 | 0 | @a普通测量学 |
| 606 | 0 | @a地形测量学 |
| 690 | @aP213 | |
| 701 | 0 | @a赵茂哲@Azhao mao zhe@4著 |
| 701 | 0 | @a傅博@Afu bo@4著 |
| 801 | 0 | @aCN@b上海图书馆@c20040520 |
| 801 | 2 | @aCN@bNLC@c20040520 |
| 905 | @f2@b128779-780@dP213@e28 | |
| 国产J2级光学经纬仪的检修/赵茂哲, 傅博著.-北京:测绘出版社,1984 |
| 202页;21cm.-(测量仪器检修小丛书) |
| ISBN :CNY1.30 |
| ● |
| 相关链接 |
|
|
|
|
正题名:国产J2级光学经纬仪的检修
索取号:P213/28
 
预约/预借
| 序号 | 登录号 | 条形码 | 馆藏地/架位号 | 状态 | 备注 |
| 1 | 0128779 | 000625648 | 第三借阅区/ [索取号:P213/28] | 在馆 | |
| 2 | 0128780 | 000625657 | 第三借阅区/ [索取号:P213/28] | 在馆 | |
| 3 | 0128781 | 202105989 | 第二样本阅览室/ [索取号:P213/28] | 在馆 |